Aktívne opatrenia na trhu práce a ich vplyv na dynamiku nezamestnanosti v SR diplomová práca

Salvato in:
Dettagli Bibliografici
Autore principale: Karasová, Katarína
Ente Autore: Fakulta hospodárskej informatiky EU. Katedra štatistiky
Altri autori: Lubyová, Martina
Natura: Libro
Lingua:slovacco
Pubblicazione: Bratislava 2013
Tags: Aggiungi Tag
Nessun Tag, puoi essere il primo ad aggiungerne!!

MARC

LEADER 00000nbm a2200000 4500
001 0171721
005 20161109102453.3
041 0 |a slo 
044 |a SK 
245 1 0 |a Aktívne opatrenia na trhu práce a ich vplyv na dynamiku nezamestnanosti v SR  |b diplomová práca  |c Katarína Karasová ; školiteľ: Martina Lubyová 
264 1 |a Bratislava  |c 2013 
300 |a 60 s. 
100 1 |a Karasová, Katarína 
700 1 |a Lubyová, Martina 
710 2 |a Fakulta hospodárskej informatiky EU. Katedra štatistiky